| 000 | 01025cam a2200301 4500 | ||
|---|---|---|---|
| 001 | 25635 | ||
| 003 | BD-RjUL | ||
| 005 | 20211209050915.0 | ||
| 008 | 140318t1966 inub b 001 0 eng | ||
| 035 | _a(BD-RjUL)25705 | ||
| 040 |
_aDLC _cDLC _dBD-RjUL _dDLC _beng |
||
| 041 | _aeng | ||
| 082 | 0 | 0 |
_a915.84 _bKRP 1966 |
| 100 | 1 |
_aKrader, Lawrence. _978766 |
|
| 245 | 1 | 0 |
_aPeoples of Central Asia / _cby Lawrence krader. |
| 250 | _a2nd ed. | ||
| 260 |
_aBloomington : _bIndiana University, _cc1966. |
||
| 300 |
_axvi, 322 p. : _b2 fold. maps (in pocket) ; _c26 cm. |
||
| 490 | 1 | _aIndiana University publications. Uralic and Altaic series, v. 26 | |
| 490 | 1 | _aResearch and studies in Uralic and Altaic Languages. Project no. 12 and 62. | |
| 504 | _aincludes index. | ||
| 650 | 0 |
_aEthnology _zAsia, Central. _978767 |
|
| 830 | 0 |
_vno. 12 [etc.] _978772 |
|
| 830 | 0 |
_aResearch and Studies in Uralic and Altaic Languages (Program) Project _978769 |
|
| 942 |
_2ddc _cBK |
||
| 999 |
_c25635 _d25635 |
||